Statistics for Divided Capital Name Puzzle

Click here to take the quiz!

General Stats

  • This quiz has been taken 1,119 times
  • The average score is 14 of 20

Answer Stats

Country Name% Correct
WELLLINGTONWellington
97%
BUDAPESTBudapest
94%
PANAMACITYPanama City
92%
BUCHARESTBucharest
91%
BRASILIABrasilia
90%
BANGKOKBangkok
88%
COPENHAGENCopenhagen
88%
PODGORICAPodgorica
81%
WASHINGTONWashington
81%
ANTANANARIVOAntananarivo
70%
OUAGADOUGOUOuagadougou
67%
CANBERACanberra
59%
ASUNCIONAsuncion
55%
LONDONLondon
52%
CARACASCaracas
50%
DODOMADodoma
48%
KAMPALAKampala
48%
YEREVANYerevan
48%
MANAGUAManagua
41%
MBABANEMbabane
38%

Score Distribution

Percentile by Number Answered

Percent of People with Each Score

Your Score History

You have not taken this quiz